Is there any time-varying relationship between fiscal and trade deficits in Turkey?

Analýza vývoja vzťahu medzi rozpočtom a obchodným deficitom v Turecku v období rokov 1985-2013.

Salvato in:
Dettagli Bibliografici
Autore principale: Baris, Gok
Altri autori: A. Nazif, Catik
Natura: Capitolo di libro
Lingua:inglese
Soggetti:
Tags: Aggiungi Tag
Nessun Tag, puoi essere il primo ad aggiungerne!!

MARC

LEADER 00000naa a2200000 4500
001 0223882
005 20230912081359.9
041 0 |a eng 
044 |a CZ 
245 1 0 |a Is there any time-varying relationship between fiscal and trade deficits in Turkey?  |c Gok Baris, Catik A. Nazif 
520 |a Analýza vývoja vzťahu medzi rozpočtom a obchodným deficitom v Turecku v období rokov 1985-2013. 
610 2 0 |a Turecko 
610 2 0 |a rozpočet štátny 
610 2 0 |a politika fiškálna 
610 2 0 |a metóda Value at Risk 
610 2 0 |a metódy ekonometrické 
100 1 |a Baris, Gok 
700 1 |a A. Nazif, Catik